=LDR 00000nam 2200000 4500 =001 INLIS000000000048051 =005 20160407145728.0 =006 =007 =008 =020 ##$$a 979-404-205-6 =035 ##$$0010-041600000000032 =082 ##$$a 785 =090 ##$$a 785 cer i =100 ##$$a jordi cervello =245 ##$$a Instrumen musik =260 ##$$a Bandung $b Angkasa $c 1991 =300 ##$$a 156 hlm $b ilus $c 17 cm =850 ##$$a NBPNMAT =990 ##$$a 0001/BPAP-NTB/2016 =990 ##$$a 0001/BPAP-NTB/2016